[Event "AUT-chT 1819"]
[Site "Austria"]
[Date "2018.11.17"]
[Round "3.3"]
[White "Buhmann, Rainer"]
[Black "Bluebaum, Matthias"]
[Result "1-0"]
[WhiteElo "2574"]
[BlackElo "2620"]
[Annotator "Sadorra, Julio"]
[PlyCount "87"]
[EventDate "2018.11.15"]
[EventType "team-tourn"]
[EventRounds "11"]
[EventCountry "AUT"]
[SourceTitle "CBM 187 Extra"]
[Source "ChessBase"]
[SourceDate "2018.11.04"]
[SourceVersion "1"]
[SourceVersionDate "2018.11.04"]
[SourceQuality "1"]
[WhiteTeam "Maria Saal"]
[BlackTeam "Jenbach"]
[WhiteTeamCountry "AUT"]
[BlackTeamCountry "AUT"]

{This game, which was played in the Austrian league between two very active
German professionals and opening theoreticians, features a topical variation
in the Rubinstein Nimzo-Indian.} 1. d4 Nf6 2. c4 e6 3. Nf3 d5 4. Nc3 Bb4 5. e3
{The game transposes from Ragozin to Nimzo-Indian.} O-O 6. Bd2 $5 {This
variation has become very trendy since 2016. I remember the first super-GMs to
use it effectively in practice, at least those who caught my eye, are
Riazantsev, Matlakov and Fedoseev.} b6 7. cxd5 (7. Bd3 {gives Black an option
to play} Ba6 $5) 7... exd5 8. Rc1 ({The other popular way to continue is to
omit Rc1:} 8. Bd3 Bb7 9. O-O Nbd7 10. Ne5 (10. Rc1 a6 {transposes to main game.
}) 10... Nxe5 11. dxe5 Nd7 12. f4 (12. Qc2 g6 13. f4 Nc5 14. Ne2 Bxd2 (14... a5
$5 15. Bc3 (15. a3 $4 Bxd2 16. Qxd2 Nb3) (15. Rad1 $4 Nxd3 16. Qxd3 Ba6) 15...
Nxd3 16. Qxd3 Ba6 17. Qd2 Bxc3 18. bxc3 c5 $15) 15. Qxd2 Nxd3 16. Qxd3 c5 $11 {
0-1 (67) Adly,A (2586)-Carlsen,M (2786) Dresden 2008}) 12... Nc5 13. Bc2 (13.
Be2 d4 $1) (13. Bxh7+ $6 Kxh7 14. Qh5+ Kg8 15. Rf3 f6 $17) (13. Bf5 g6 $1 (
13... d4 14. Ne2 Bxd2 15. Qxd2 d3 16. Nc1 Qd5 17. b4 Na6 18. Rb1 $14) 14. Bh3
Ba6 $132) 13... d4 $1 14. Na4 Bxd2 15. Qxd2 d3 $5 (15... dxe3 16. Qxe3 Qd5 (
16... Nxa4 17. Bxa4 Qd5 18. Qf2 Rad8 19. Bb3 Qe4 20. Rfe1 Qb4 21. Rad1 $14) 17.
Qh3 h6 18. Rad1 $36) 16. Nxc5 dxc2 17. Qxd8 Rfxd8 18. Nxb7 Rd2 19. Rac1 Rb8 $11
) 8... a6 9. Bd3 Bb7 10. O-O Nbd7 11. Ne5 Qe7 $6 {This move looks logical and
solid as it attacks e5 and defends the bishop on b4, unfortunately it is not
enough for Black to solve his problems.} ({The most natural reaction is} 11...
Nxe5 12. dxe5 Nd7 13. f4 Nc5 {and similar to the notes earlier, White has the
important reply} 14. Bc2 $1 {in order to meet} d4 {with} 15. Na4 Bxd2 16. Qxd2
Nxa4 (16... d3 17. Nxc5 dxc2 18. Qxd8 Rfxd8 19. Nxb7 Rd2 20. h4 $1 Rb8 21. Kh2
Rxb7 22. Kg3 $16 {[%cal Gf1f2]}) 17. Bxa4 {White has a nice edge due to his
space and better placed pieces.} dxe3 (17... d3 18. Rfd1 Be4 19. Qb4 Bb7 20.
Bc6 $16) 18. Qxe3 Qd5 19. Rf2 c5 20. Rd2 (20. Bb3 {1-0 (40) Sandipan,C (2535)
-Stark,L (2374) Tegernsee 2018}) 20... Qe4 (20... Qxa2 21. Bb3 Qa5 22. e6 $40)
21. Qxe4 Bxe4 22. Bd7 $1 Rfd8 23. Rcd1 Kf8 24. Kf2 $14) ({Another misguided
way to continue is} 11... c5 $6 {which simply gives up the bishop pair.} 12. a3
{It is also important to play this now before Black can get counterplay with
c4, b5 etc.} Bxc3 13. Bxc3 Nxe5 (13... Ne4 14. Nxd7 $1 (14. Bxe4 dxe4 15. Nxd7
Qxd7 16. dxc5 Qxd1 17. Rfxd1 bxc5 18. Ba5 Rac8 19. Bb6 c4 20. Rd4 $16) 14...
Qxd7 15. dxc5 Nxc5 16. Bb1 $16) (13... c4 14. Bf5 $36) 14. dxe5 Ne4 15. Bxe4
dxe4 {I think Black misassessed this position, underestimating the dangers in
his kingside and superiority of White's pieces which White quickly now
demonstrates:} 16. Qg4 $1 Qe7 17. Rfd1 Rad8 18. Rd6 $1 {[%csl Gd6,Ge5,Rg7,Rg8]
[%cal Gc3g7,Gg4g7]} h5 (18... Bc8 19. Qg3 $40) 19. Qxh5 Rxd6 20. exd6 Qxd6 21.
Qg4 ({Another strong way to continue is} 21. Rd1 Qe6 22. Rd2 $1 $16 {[%cal
Gh5d1,Rd1d8]}) 21... f6 22. Rd1 $16 {1-0 (82) Tomashevsky,E (2696)-Buhmann,R 
(2596) Minsk 2017. This unpleasant experience with Black against this
variation may very well be the reason that made Buhmann take up this system as
White!}) (11... Be7 12. f4 c5 13. Qf3 $36) ({Also tested lately is} 11... Bd6 {
but after the standard follow-up} 12. f4 Ne4 13. Nxe4 dxe4 14. Bc4 {White
retains better chances owing to his better structure and more active pieces.}
Nf6 15. Qb3 Qe7 16. Be1 $36 {1-0 (31) Rakhmanov,A (2652)-Khademalsharieh,S 
(2424) Dubai 2018}) 12. f4 c5 13. Na4 $5 $146 ({Previously played here was} 13.
a3 {which is still good to obtain the advantage:} Bxc3 14. Bxc3 Rfd8 15. Qf3
Nf8 (15... Ne4 16. Bxe4 dxe4 17. Qg3 f6 (17... Nxe5 18. dxe5 $40) 18. Ng4 Kh8
19. Qh4 $40 {[%cal Gf4f5,Gf1f4]}) 16. Qh3 $40 {1-0 (47) Parligras,M (2599)
-Laznicka,V (2668) Gjakova 2016}) 13... c4 $6 (13... Bxd2 {is difficult to
enter due to the line} 14. Qxd2 c4 15. Bf5 {Black is in a difficult spot here,
and has to dig deep to find defensive resources.} Rad8 $1 (15... Rae8 $1 16. b3
b5 17. Nxd7 Nxd7 18. Bxd7 Qxd7 19. Nc5 Qe7 $132) 16. Qf2 (16. Nxd7 $2 Nxd7 17.
Bxd7 Qxd7 18. Nxb6 Qb5) (16. b3 b5 17. Nxd7 Nxd7 18. Bxd7 Rxd7 19. Nc5 Rd6 $11)
16... b5 (16... g6 17. Bc2 $1 (17. Bb1 b5 18. Nc3 b4 19. Ne2 a5 20. Qh4 Rde8
21. g4 Nxe5 22. fxe5 Nd7 $13) 17... b5 18. Nc3 b4 19. Ne2 a5 20. Qh4 Rde8 (
20... Rfe8 21. g4 $40 {[%cal Gf1f3,Gf3h3,Gc2a4]}) 21. Ba4) 17. Qh4 $1 $40) 14.
Bf5 ({Equally unpleasant to meet is} 14. Bxb4 Qxb4 15. Bf5 $1 Rad8 16. a3 Qe7
17. Nc3 b5 (17... g6 18. Bc2) 18. Qe1 $14 {[%cal Ge1h4,Gf1f3,Gf3h3,Gg2g4] with
similar attacking ideas examined in the lines earlier.}) 14... Rad8 ({It's
almost impossible for Black to take on d2 as it transposes to a line or
position that he was avoiding after Bxd2 a move earlier.} 14... Bxd2 15. Qxd2 {
See notes earlier.}) 15. Bxb4 Qxb4 16. b3 $6 ({It's best for White to play} 16.
a3 $1 Qe7 17. Nc3 $14 {transposing to notes under move 14. Bxb4.} (17. Qe1) (
17. Qf3)) 16... b5 17. Nxd7 Nxd7 18. Bxd7 Rxd7 19. Nc5 Re7 {This position is
objectively equal: White has superior minor piece against Black's pressure on
the e3-pawn. But practically, it's a bit easier to play for White as he can
organize some pressure on the kingside in the future while Black's queen and
bishop are out of play on the other side of the board.} 20. f5 f6 21. Qf3 Bc6
22. Rf2 (22. Nxa6 Qd2 23. Qf2 Qxe3 24. Nb4 Rc8 $11) 22... Rfe8 23. Re2 Qa3 (
23... a5 24. g4 $5 $13) 24. Rcc2 a5 25. Kf2 a4 26. bxc4 bxc4 27. g4 Qb4 28. Rb2
Qa5 29. a3 Kh8 30. Rb4 (30. Qf4 $5 {[%csl Rc6,Rd6,Re7][%cal Rf4d6,Rb8h8,Gb2b8]}
c3 31. Rb4 $36) 30... c3 31. Qf4 h6 32. Rc2 $1 {Simple and good.} (32. Qd6 {
is a bit risky but also works:} Bb5 33. Ne6 $1 {A key move that has to be
foreseen before deciding to play Qd6.} Bxe2 $2 (33... Rxe6 34. fxe6 Bxe2 35.
Kxe2 c2 36. Kd2 Rc8 37. Kc1 $16) 34. Qxe7 Rxe7 35. Rb8+ Kh7 36. Nf8+ Kg8 37.
Ng6+ Kf7 38. Rf8#) 32... Rxe3 {Otherwise, Black simply loses a pawn.} 33. Qxe3
Rxe3 34. Kxe3 $16 h5 35. Rxc3 $6 {White misses a great chance to finish the
game here with a nice study-like idea.} (35. Rb8+ Kh7 {It's likely that
Buhmann checked this line but failed to spot the key idea here.[#] White to
play} 36. Z0 (36. Ne6 hxg4 37. Nf8+ Kh6 38. Ne6 (38. Ng6 Kg5 {The king escapes!
}) 38... Kh7 $11) (36. g5 $3 {A logical move after seeing the problem with the
direct line staring with 36. Ne6.} fxg5 (36... Qc7 37. g6+ Kh6 38. Rh8+ Kg5 39.
Ne6+) 37. Ne6 {Black cannot prevent mate} Qa7 {[%csl Gf7] Only way to prevent
direct mate.} (37... g6 38. f6) (37... h4 38. Nxg5+ Kh6 39. Nf7+ Kh5 40. h3 $18
) 38. Rf8 $1 Qe7 39. Rxc3 Be8 (39... Bd7 40. Rf7 $18) 40. Kd2 Qd6 41. Nxg5+ Kh6
{[#] Here's another amusing position with a study-like winning move for White!}
42. Rc6 $3 $18)) 35... hxg4 36. Kf4 {Despite the miss earlier, I think Black
still faces practical problems as White pieces now coordinate to create
threats around the Black king.} Bb5 $6 ({It's better to bring the queen
quickly close to her majesty.} 36... Qc7+ $1 37. Kxg4 Kg8 {with the idea of
taking h2} 38. Rh3 $13 (38. Ne6 Qxh2 39. Rxc6 Qg2+ 40. Kf4 Qf2+ $11) 38... g6 (
38... Kf7 39. Ne6) 39. Ne6 gxf5+ 40. Kxf5 Bd7 41. Rg3+ Kh8 (41... Kh7 $2 42.
Rb2 $1 {The rooks now coordinate} Bxe6+ (42... Qd6 43. Rh3+ Kg8 44. Rg2+ $18)
43. Kxe6 Qc6+ 44. Kf7 $16) 42. Kxf6 Qd6 43. Rh3+ Kg8 44. Rg3+ $11) 37. Ne6 {
While both players are not seeing the most accurate moves, the position is
obviously not easy to play otb as there's many equally good possibilities in
each position and accurate analysis is required. In the end it's Black that
makes the last error.} (37. Re3 $1 Qc7+ 38. Kxg4 Bf1 (38... Bc4 39. Rb7) 39.
Rb2 $1 {Keeping the kingside under control while limiting the enemy bishop's
mobility.} (39. Ne6 Qxh2) 39... Kg8 40. Ne6) 37... Qa6 38. Kxg4 Be2+ 39. Kg3
Kh7 40. Nf4 Bc4 $2 {This natural-looking move is a mistake as it allows White
to coordinate his pieces in launching a mating attack!} 41. Kf2 {[%cal Rb4b8,
Rc3h3,Rf4g6]} Qc8 42. Ne6 Kg8 43. Rb6 $1 Kh8 44. Rd6 {Black resigns as cannot
prevent losing his queen or getting mated. Overall, the Bd2 variation of the
Nimzo-Indian Rubinstein requires Black to know exactly what he's doing lest he
gets in trouble as White's moves come easily with Ne5, f4, Qf3, Be1-h4, Bf5
etc. This game, and other recent games included in the sub-variations, clearly
shows the practical dangers that faces Black even at the professional level.}
1-0

[Event "POL-ch"]
[Site "Warsaw"]
[Date "2018.05.13"]
[Round "2"]
[White "Krasenkow, Michal"]
[Black "Gajewski, Grzegorz"]
[Result "1-0"]
[WhiteElo "2628"]
[BlackElo "2599"]
[Annotator "Szabo,Kr"]
[PlyCount "113"]
[EventDate "2018.05.12"]
[EventType "tourn"]
[EventRounds "9"]
[EventCountry "POL"]
[EventCategory "16"]
[SourceTitle "CBM 185"]
[Source "ChessBase"]
[SourceDate "2018.07.13"]
[SourceVersion "1"]
[SourceVersionDate "2018.07.13"]
[SourceQuality "1"]

1. d4 Nf6 2. c4 e6 3. Nf3 d5 4. Nc3 Bb4 5. e3 (5. Bg5) ({and} 5. cxd5 {are the
most popular lines.}) 5... O-O 6. Bd2 (6. Bd3 {is the most common move.}) 6...
Nbd7 ({Recently So played} 6... c5 7. a3 cxd4 8. axb4 dxc3 9. Bxc3 dxc4 10.
Bxc4 Qxd1+ 11. Kxd1 Bd7 12. Ke2 $14 {Karjakin-So Wesley, Berlin 2018; and
White has a comfortable position with the B-pair; later he managed to win.}) 7.
Qc2 c5 (7... b6 8. Be2 Bb7 9. O-O Be7 10. Rfd1 c5 11. Be1 Rc8 12. cxd5 exd5 13.
Qf5 a6 14. Ne5 g6 $13 {Vakhidov-Laznicka, Baku 2016}) 8. dxc5 Nxc5 (8... Bxc5
$5 {was the alternative,} 9. cxd5 exd5 10. Bd3 b6 {with a balanced middlegame.}
) 9. cxd5 Nxd5 ({In the event of} 9... exd5 10. a3 Bxc3 11. Bxc3 Nfe4 12. b4
Nxc3 13. Qxc3 Ne4 14. Qb2 $14 {similar to the text move, White is more
comfortable.}) 10. Nxd5 Bxd2+ 11. Qxd2 exd5 12. Be2 {Strategically White is
slightly better, because his N has a wonderful square on d4 and he has the
good B.} Ne4 13. Qb4 Bg4 14. O-O Bxf3 $6 {Black doesn't want to allow Nd4,
however this is an inaccuracy. Probably Black should wait for h3 and only then
take on f3.} (14... Rc8 {is more natural, but} 15. Rac1 $14 {and White has a
slight edge.} (15. Qxb7 $6 Bxf3 16. Bxf3 Nd2 {gives some counterplay for Black.
})) 15. Bxf3 Ng5 16. Be2 Qf6 17. Qxb7 {White captures the P, because
simplifying the position favours the B against the N.} Rab8 18. Qxa7 ({The
engine suggests} 18. Qxd5 Rxb2 19. Qc4 $14 {, but I like the game, because
White will have a passed a- P.}) 18... Rxb2 19. Qa6 $1 {The precise reply!
White is happy to exchange the Qs.} ({The careless} 19. Bd3 $6 {could have
been met by} Rxf2 $1 $132 {and the a1-R is hanging.}) 19... Ne4 $6 ({Black
should keeps the Qs with} 19... Rb6 {, however} 20. Qd3 $14 {and only White
can play for a win.}) 20. Qxf6 gxf6 (20... Nxf6 {is also not better, as} 21.
Bf3 $16 {and White is clearly better.}) 21. Bf3 (21. Bd3 $16 {was also fine
for White.}) 21... Nd2 (21... Ra8 {was slightly tougher,} 22. a4 Ra5 $14 {
and blocks the P on the 5th rank.}) 22. Rfd1 Nxf3+ 23. gxf3 {Usually the R
endgames give the best chance to survive. However White immediately has a
Tarrasch R on a1, so he can push the a-P without any difficulties.} Rc8 {
Black doesn't want to block the a-P, instead he tries to create counterplay.}
24. a4 Rcc2 25. Rdb1 $1 {A great reply! White doesn't play the passive 25.Rf1.
Instead he sacrifices the f2-P, but exchanges one pair of Rs and avoids every
counterchance on the 2nd rank.} Rxb1+ ({In the event of} 25... Rxf2 26. Rxb2
Rxb2 27. a5 Rb7 28. a6 Ra7 29. Kf2 Kf8 30. e4 $1 dxe4 31. fxe4 Ke7 32. Ke3 Kd6
33. Kf4 $1 Ke6 34. Ra5 $18 {and White is winning.}) 26. Rxb1 Ra2 27. Rb4 Kg7
28. Rg4+ Kh6 29. Kg2 f5 30. Rb4 Kg6 31. Kg3 {White activates his K as much as
possible.} Kf6 32. Rb6+ Kg7 33. Ra6 f4+ {Black tries to create some
counterplay, but his position is already bad.} 34. Kxf4 Rxf2 35. h4 Rh2 36. Kg3
Re2 37. Rd6 Rxe3 38. Rxd5 Ra3 39. a5 $18 {The white R is active on d5 and he
can puthis Ps in protected places . Then he can just go with his K. Black has
no counterplay at all.} Kg6 40. h5+ Kg7 41. Kf4 Kf6 42. Ke4 ({The engine
suggests} 42. Kg4 $1 $18 {, but the text move is more natural.}) 42... Ra4+ 43.
Kd3 Ke6 44. Rb5 Rf4 45. Rb6+ Kd5 46. Ke3 Ra4 47. a6 f5 48. Kd3 Ra3+ 49. Kc2 Ke5
(49... Rxf3 $2 {is losing immediately, as} 50. Rb5+ $1 Kc6 51. Ra5 $18 {
and Black can't stop the a-P.}) 50. Kb2 Ra5 51. Kb3 Kf4 $6 ({Still} 51... Kd5 {
gave some drawing chances,} 52. Kb4 (52. h6 $5) 52... Ra1 53. Rh6 Rb1+ 54. Kc3
Ra1 {and it is not clear how can White improve his position.}) 52. Kb4 Ra1 53.
Kb5 Kg5 (53... Kxf3 54. Rh6 $18 ({, but not} 54. Kc6 $2 f4 55. Kb7 Kg3 56. a7
f3 57. Rf6 Rb1+ $11 {and draw.})) 54. h6 Ra3 55. Rc6 Rb3+ 56. Ka4 Rb1 57. Ka5 {
Good technique by Krasenkow!} 1-0